[Event "Titled Tuesday intern op 20th Feb Early"]
[Site "Chess.com INT"]
[Date "2024.02.20"]
[Round "10"]
[White "Rathanvel, VS."]
[Black "Nepomniachtchi, Ian"]
[Result "0-1"]
[WhiteElo "2474"]
[BlackElo "2758"]
[PlyCount "90"]
[EventDate "2024.02.20"]
[EventType "swiss (blitz)"]
[EventRounds "11"]
[EventCountry "USA"]
[SourceTitle "EXT 2025"]
[Source "ChessBase"]
[SourceDate "2024.10.14"]
[SourceVersion "1"]
[SourceVersionDate "2024.10.14"]
[SourceQuality "1"]

1. e4 c5 2. Nf3 d6 3. d4 cxd4 4. Nxd4 Nf6 5. Nc3 a6 6. h3 e5 7. Nde2 h5 8. g3 Be7 9. Bg2 Nbd7 10. a4 b6 11. Nd5 Nxd5 12. Qxd5 Ra7 13. 0-0 0-0 14. Qd1 h4 15. g4 Nc5 16. Nc3 Ne6 17. Nd5 Bg5 18. Be3 Bxe3 19. fxe3 Bb7 20. Qd2 Bxd5 21. exd5 Ng5 22. c4 g6 23. a5 Kg7 24. b4 Qb8 25. e4 f6 26. Qf2 Rb7 27. axb6 Rxb6 28. c5 Rxb4 29. cxd6 Rb2 30. Qxh4 Qxd6 31. Rac1 Qb6+ 32. Kh1 Rf7 33. Rc6 Qe3 34. Qe1 Qa3 35. Qa1 Qb3 36. Qxa6 Rxg2 37. Kxg2 Qxh3+ 38. Kf2 Nxe4+ 39. Ke1 Qe3+ 40. Qe2 Qg3+ 41. Kd1 Nc3+ 42. Rxc3 Qxc3 43. Qf3 Qd4+ 44. Ke2 e4 45. Qf4 Rb7 0-1